Animal Topiary Garden Quiz Stats

 Plays Quiz Updated Jun 17, 2016

Score 0/20 Timer 05:00
0 Plays Today
% Correct
Dolphin
99.7%
Elephants
98.7%
Cobra
98%
Squirrels
97.7%
Giant Pandas
97.2%
Pig
97.2%
Scottish Terrier
97.1%
Rabbit
97.1%
Peacock
97%
Horse
96.7%
% Correct
Camels
96.4%
Butterfly
96.1%
Lion
95.8%
Rhinoceros
95.7%
Kangaroo
95.2%
Owl
95.1%
Leopard
93.8%
Frog
93.5%
Flamingos
89.3%
Lemurs
87.7%

You're not logged in!

Compare scores with friends on all Sporcle quizzes.
OR
Log In

Sporcle TV

Today on Sporcle TV


Watch our educational content, quiz creation guides, and fun videos on Sporcle TV.

Show Comments

Extras

Top Quizzes Today


Score Distribution

Your Account Isn't Verified!

In order to create a playlist on Sporcle, you need to verify the email address you used during registration. Go to your Sporcle Settings to finish the process.

Report this User

Report this user for behavior that violates our Community Guidelines.

Details: